FC 25 TOTW 18 - Statistics

General Stats
  • This quiz has been taken 2 times
  • The average score is 3 of 23
Answer Stats
rat pos club player % Correct
TOTW 88 RW Paris Saint-Germain Ousmane Dembélé
100%
TOTW 86 CM Napoli André-Frank Zambo Anguissa
50%
TOTW 83 ST Club Brugge Ferran Jutglà
50%
TOTW 85 CB Inter Milan Matteo Darmian
50%
TOTW 86 CAM RB Leipzig Xavi Simons
50%
TOTW 83 LW Sydney FC Adrian Segecic
0%
TOTW 83 CB Atlético Madrid Clément Lenglet
0%
TOTW 87 LB Barça Femení Fridolina Rolfö
0%
TOTW 86 CAM Paris FC Féminines Gaëtane Thiney
0%
TOTW 86 ST UD Tenerife Gift Monday
0%
TOTW 83 RB CD Nacional Gustavo Garcia
0%
TOTW 83 LM En Avant Guingamp Hugo Picard
0%
TOTW 83 CAM Go Ahead Eagles Jakob Breum
0%
TOTW 85 ST Mainz 05 Jonathan Burkardt
0%
TOTW 83 LB Real Valladolid Lucas Rosa
0%
TOTW 83 CM Brest Mahdi Camara
0%
TOTW 83 LW Al-Taawoun Musa Barrow
0%
TOTW 83 ST Lecce Nikola Krstović
0%
TOTW 83 RB Trabzonspor Pedro Malheiro
0%
TOTW 85 CAM Twente Sem Steijn
0%
TOTW 84 CM Madrid Femenino Tere Abelleira
0%
TOTW 83 GK Auxerre Theo De Percin
0%
TOTW 86 CB OL Féminin Vanessa Gilles
0%
No matching quizzes found
Score Distribution
Percent of People with Each Score
Percentile by Number Answered
Your Score History
You have not taken this quiz